[Event "Santa Barbara Avendano Memorial"]
[Site "Santa Barbara"]
[Date "2024.03.02"]
[Round "6"]
[White "Solis Gomez, Jose Alberto"]
[Black "Incer Arias, Manuel"]
[Result "1-0"]
[WhiteElo "1772"]
[BlackElo "1697"]
[PlyCount "173"]
[EventDate "2024.01.27"]
[EventType "swiss"]
[EventRounds "6"]
[EventCountry "CRI"]
[SourceTitle "EXT 2025"]
[Source "ChessBase"]
[SourceDate "2024.10.14"]
[SourceVersion "1"]
[SourceVersionDate "2024.10.14"]
[SourceQuality "1"]

1. d4 d5 2. Nf3 e6 3. e3 c5 4. b3 Nf6 5. Bb2 Be7 6. Nbd2 Nc6 7. a3 a6 8. Bd3 b5 9. c4 bxc4 10. bxc4 0-0 11. 0-0 Re8 12. Ne5 Bd7 13. Ndf3 h6 14. Qc2 Qc7 15. Rac1 Bd6 16. Nxc6 Bxc6 17. dxc5 Be7 18. cxd5 exd5 19. Be5 Qa5 20. Nd4 Ba4 21. Qa2 Bxc5 22. Bxf6 gxf6 23. Qxd5 Bb6 24. Qd6 Bxd4 25. exd4 Re6 26. Qc5 Qxc5 27. Rxc5 Rd6 28. d5 Bb5 29. Rd1 Bxd3 30. Rxd3 Rb8 31. Kf1 Rb5 32. Rxb5 axb5 33. Ke2 Kf8 34. Ke3 Ke7 35. Kd4 Kd7 36. Kc5 Kc7 37. Rb3 Ra6 38. Kxb5 Rb6+ 39. Kc4 Ra6 40. Kc5 Ra5+ 41. Rb5 Rxa3 42. d6+ Kc8 43. Kc6 Rc3+ 44. Rc5 Rd3 45. Rh5 Rc3+ 46. Kd5 Rd3+ 47. Ke4 Rxd6 48. Rxh6 Kd7 49. Kf5 Ke7 50. f4 Rd5+ 51. Kg4 Rd2 52. g3 Rd4 53. h4 Rd6 54. Rh8 Rd4 55. h5 Rd3 56. Rg8 Rd1 57. Rh8 Rd3 58. h6 Rd1 59. h7 Rh1 60. Kf5 Rh5+ 61. Kg4 Rh1 62. Kf3 Rh3 63. Kg2 Rh6 64. g4 Rh4 65. Kg3 Rh1 66. Kg2 Rh4 67. Kf3 Rh3+ 68. Ke4 Rh4 69. Kf5 Rh1 70. Ra8 Rxh7 71. Ra7+ Kd6 72. Kxf6 Rh6+ 73. Kg7 Rh4 74. f5 Rxg4+ 75. Kxf7 Rf4 76. f6 Rf1 77. Ra6+ Kd7 78. Kf8 Kd8 79. Re6 Kd7 80. Re7+ Kd8 81. f7 Rf2 82. Re4 Rf1 83. Rd4+ Kc7 84. Kg7 Rg1+ 85. Kf6 Rf1+ 86. Kg6 Rg1+ 87. Kf5 1-0

[Event "Santa Barbara Avendano Memorial"]
[Site "Santa Barbara"]
[Date "2024.01.27"]
[Round "1"]
[White "Bonilla Rodriguez, Andres"]
[Black "Incer Arias, Manuel"]
[Result "1/2-1/2"]
[WhiteElo "1920"]
[BlackElo "1697"]
[PlyCount "76"]
[EventDate "2024.01.27"]
[EventType "swiss"]
[EventRounds "6"]
[EventCountry "CRI"]
[SourceTitle "EXT 2025"]
[Source "ChessBase"]
[SourceDate "2024.10.14"]
[SourceVersion "1"]
[SourceVersionDate "2024.10.14"]
[SourceQuality "1"]

1. e4 d5 2. exd5 Qxd5 3. Nc3 Qd6 4. d4 Nf6 5. Nf3 c6 6. Bg5 Bg4 7. Be2 h6 8. Bh4 Nbd7 9. 0-0 e6 10. Qd2 Be7 11. Rfe1 0-0 12. Rad1 Rfe8 13. a3 Qc7 14. Ne5 Nxe5 15. dxe5 Rad8 16. Qe3 Rxd1 17. Rxd1 Bxe2 18. Qxe2 Nd5 19. Nxd5 cxd5 20. Bxe7 Rxe7 21. Rd4 Qc5 22. c3 Rc7 23. a4 a5 24. h4 Rc6 25. Qh5 Qe7 26. g4 Rc4 27. g5 Rxd4 28. cxd4 hxg5 29. hxg5 g6 30. Qg4 Qb4 31. Qd1 Qxb2 32. Kg2 Qc3 33. Kh2 Kg7 34. Kg2 Kg8 35. Kg1 Kg7 36. Kh2 Kg8 37. Kg2 Kg7 38. Kh2 Kg8 1/2-1/2

[Event "Balmaceda Segura Memorial op"]
[Site "Santa Barbara de Heredia"]
[Date "2022.06.18"]
[Round "5"]
[White "Gonzalez Torres, Raquel Sofia"]
[Black "Incer Arias, Manuel"]
[Result "0-1"]
[WhiteElo "1024"]
[BlackElo "1755"]
[PlyCount "24"]
[EventDate "2022.05.21"]
[EventType "swiss"]
[EventRounds "6"]
[EventCountry "CRI"]
[SourceTitle "EXT 2024"]
[Source "ChessBase"]
[SourceDate "2023.10.10"]
[SourceVersion "1"]
[SourceVersionDate "2023.10.10"]
[SourceQuality "1"]

1. d4 d5 2. Bf4 Nf6 3. e3 c5 4. c3 Nc6 5. Nf3 Qb6 6. Qc2 Bf5 7. Qd2 e6 8. b3 cxd4 9. Bd3 dxc3 10. Nxc3 Bxd3 11. Qxd3 a6 12. Ne5 Nxe5 0-1